000 00718nam a22002297a 4500
003 UA-OsUOA
001 80214
007 ta
008 20111202b un ||||| |||| 00| 0 ukr d
100 _aГайбонюк В.Д.
090 _a94(477)(075.8)
_bГ14
942 _cBK
040 _aUA-OsUOA
_bukr
_cUA-OsUOA
_dUA-OsUOA
245 _aІсторія України
_bметодичний посібник для викладачів і студентів
300 _a144 с.
955 _a2
041 _aukr
080 _a94(477)(075.8)
260 _aРівне
_bДержавне ред.-вид. підпр.
_c1995
650 7 _a9 Географія. Біографії. Історія
_2UDC
999 _c366533
_d366533